00258nam a2200097Ia 4500008004100000041000800041100002800049245003300077260003100110999001900141230508s2014 xx 000 0 und d aeng aKHURMI R.S./ GUPTA J.K. aA TEXTBOOK OF MACHINE DESIGN bEURASIA PUBLISHING Hc2014 c734643d734643